000 nam a22 a 4500
999 _c114403
_d114403
003 BLK
005 20221010094440.0
008 180409b bul|||||r ||||||| ||bul||
040 _aBLK
041 _aBUL
_cBUL
080 _aПедагогическа социология
_b37.015.4
_x(103)
_z37.015.4(103)
100 1 _aДонев, Русин
_eпърви автор
_9313289
139 _aДонев, Русин
245 1 0 _aСоциологически аспекти на образованието при социализма
_bИзследване
_cРусин Донев.
257 _aBGR
260 _aСофия
_bНар. просв.
_c1975
300 _a135 с.
_bс табл.
_c20 см
380 _a3
650 4 _aОбразование и просвета - България - социология
_9250818
653 7 _9192553
_aобразование
653 7 _9197066
_aсоциологически теории
653 7 _9196982
_aсоциализъм
852 _aЦб 78899
_bЦб
942 _cKNG
_n0
_s1
944 _aCR
_c20.10.2016
_kПравда_Бадева
944 _aED
_c2022-10-10
_kСТ